| 000 | 00409nam a2200121Ia 4500 | ||
|---|---|---|---|
| 008 | 170221s9999 xx 000 0 und d | ||
| 100 | _aAlex Frino | ||
| 245 | 4 | _aThe Pricing and Efficiency of Australian Treasury Bond Futures | |
| 245 | _cAlex Frino, William Peng He, and Andrew Lepone | ||
| 260 | _c2011 | ||
| 650 | _xBusiness | ||
| 856 | _uhttp://ro.uow.edu.au/cgi/viewcontent.cgi?article=1476&context=aabfj | ||
| 999 |
_c309829 _d309829 |
||